01864nam a2200469 i 450000100060000000300080000600500170001400600190003100700150005000800410006502000270010602000180013303500230015103500240017403500250019803500210022304000310024405000260027508000070030108200180030810000210032624501770034726400690052430000410059333600310063433700330066533800430069849000490074150000220079058801260081265000390093865000540097765000360103165000420106765000530110965000380116265500270120070000200122770000350124783000500128285600620133290675FlNmELB20241217171947.0m o d | cr cnu||||||||140825s2011 sp o 001 0 spa d a9788474765816 (e-book) z9788474765700 a(MiAaPQ)EBC3222600 a(Au-PeEL)EBL3222600 a(CaPaEBR)ebr10903248 a(OCoLC)992072801 aFINmELBbspaerdacFINmELB 4aBL2480.Y6b.L146 2011 a290 a299.683332231 aLaitin, David D.10aHegemonía y cultura :bpolítica y cambio religioso entre los yoruba /cDavid D. Laitin ; Presentación de Enrique Luque ; Traducción de Juan Manuel Iranzo Amatriain. 1aMadrid :bCIS - Centro de Investigaciones Sociológicas,c2011. a1 recurso en línea (311 páginas) atextobtxt2rdacontent/spa acomputadorabc2rdamedia/spa arecurso en líneabcr2rdacarrier/spa1 aColección Clásicos Contemporáneos ;v6 aIncluye índice. aDescripción basada en recurso en línea; Título de la página del título en PDF (e-libro, visto August 25, 2014). 0aYoruba (African people)xReligion. 0aYoruba (African People)xPolitics and government. 0aReligion and politicszNigeria. 4aYoruba (Pueblo africano)xReligión. 4aYoruba (Pueblo africano)xPolítica y gobierno. 4aReligión y políticazNigeria. 4aLibros electrónicos.1 aLuque, Enrique.1 aIranzo Amatriain, Juan Manuel. 0aColección Clásicos Contemporáneos ;v6.40uhttps://elibro.net/ereader/politecnicointernacional/52049